[Event "Open Semana Santa 2023"]
[Site "?"]
[Date "2023.04.06"]
[Round "2.60"]
[White "FM Domingo Nunez, Alejandro"]
[Black "CM Menac Comas, Joan Ramon"]
[Result "1-0"]
[WhiteElo "2335"]
[BlackElo "2022"]
[PlyCount "51"]

1. e4 c5 2. b3 Nf6 3. e5 Nd5 4. Bb2 Nc6 5. Nf3 b6 6. g3 Bb7 7. Bg2 e6 8. O-O
Be7 9. c4 Nc7 10. Nc3 O-O 11. Ne4 d5 12. exd6 Bxd6 13. d4 Be7 14. dxc5 bxc5 15.
Qc2 Nd4 16. Nxd4 cxd4 17. Rad1 e5 18. f4 f5 19. Nf6+ Bxf6 20. Bxb7 e4 21. Bxa8
Nxa8 22. c5 Qd5 23. b4 d3 24. Qf2 Bxb2 25. Qxb2 e3 26. Rfe1 1-0

[Event "Open Semana Santa 2023"]
[Site "?"]
[Date "2023.04.06"]
[Round "2.61"]
[White "Sanleon Pravisano, Nieves"]
[Black "IM Granero Roca, Antonio"]
[Result "0-1"]
[WhiteElo "2020"]
[BlackElo "2334"]
[PlyCount "158"]
[EventDate "2023.??.??"]

1. c4 c5 2. Nc3 Nf6 3. g3 Nc6 4. Bg2 g6 5. Nf3 d6 6. O-O Bg7 7. a3 O-O 8. Rb1
Bf5 9. d3 Rc8 10. e4 Bg4 11. h3 Bxf3 12. Bxf3 Nd7 13. Ne2 e6 14. b4 b6 15. Bg2
Qe7 16. Be3 Rfd8 17. Qb3 h5 18. Rfd1 Nd4 19. Nxd4 cxd4 20. Bd2 h4 21. g4 g5 22.
f4 gxf4 23. Bxf4 Ne5 24. Rf1 b5 25. Rbc1 bxc4 26. dxc4 Rd7 27. Rf2 Rdc7 28. Bf1
Bf6 29. Bxe5 Bxe5 30. Rcc2 Qg5 31. Qf3 Bg3 32. Rfd2 Bf4 33. Rd1 Kg7 34. Kh1 Be3
35. Bd3 Rh8 36. Rf1 f6 37. Rb1 Rb8 38. Rcb2 Qe5 39. Kg2 Bg5 40. b5 Qc5 41. a4
e5 42. Qd1 Qa3 43. Qb3 Qc5 44. Qd1 Qb6 45. Qe1 Rcc8 46. a5 Qc5 47. Qb4 Qxb4 48.
Rxb4 Bd2 49. Ra4 Rc5 50. a6 Rb6 51. Rf1 Kf7 52. Ra2 Bg5 53. Kf3 Ke7 54. Rb1 Kd7
55. Rc2 Kc7 56. Ra2 Rb8 57. Ke2 Kb6 58. Ra4 Rbc8 59. Rd1 Bf4 60. Rf1 R5c7 61.
Rb1 d5 62. exd5 e4 63. Bxe4 Rxc4 64. Rxc4 Rxc4 65. Kd3 Ra4 66. Rb3 Be5 67. Bf5
Kc5 68. Bd7 Ra1 69. Bc6 Bc7 70. Rb2 Ra3+ 71. Ke4 Rxh3 72. b6 Re3+ 73. Kf5 Bxb6
74. Rb5+ Kd6 75. Rxb6 axb6 76. a7 Ra3 77. a8=Q Rxa8 78. Bxa8 d3 79. Bc6 h3 0-1

[Event "Open Semana Santa 2023"]
[Site "?"]
[Date "2023.04.06"]
[Round "2.62"]
[White "WGM Alinasab, Mobina"]
[Black "Follana Albelda, Lucia"]
[Result "1-0"]
[WhiteElo "2334"]
[BlackElo "2018"]
[PlyCount "105"]

1. e4 c5 2. Nf3 d6 3. d4 cxd4 4. Nxd4 Nf6 5. Nc3 Nc6 6. Bg5 e6 7. Qd2 a6 8. f3
Bd7 9. O-O-O b5 10. Nxc6 Bxc6 11. Qe1 Be7 12. e5 Nd5 13. Bxe7 Qxe7 14. Nxd5
Bxd5 15. Qg3 O-O 16. exd6 Qd7 17. Rd4 Rfd8 18. Bd3 Qxd6 19. Qxd6 Rxd6 20. a4
Rb6 21. Rb4 g6 22. Kd2 Bc6 23. axb5 axb5 24. c4 Ra4 25. Rxa4 bxa4 26. Rb1 f5
27. Bc2 Kf7 28. Kc3 Kf6 29. Ra1 g5 30. Ra3 g4 31. Bxa4 gxf3 32. Bxc6 f2 33. Ra1
Rxc6 34. Rf1 e5 35. Rxf2 Ke6 36. b4 e4 37. c5 Ke5 38. g3 Rc8 39. Kc4 e3 40. Rf3
f4 41. gxf4+ Ke4 42. Rf1 Rf8 43. c6 Rxf4 44. Rxf4+ Kxf4 45. Kd3 Kf3 46. c7 e2
47. c8=Q e1=Q 48. Qf5+ Kg2 49. Qe4+ Qxe4+ 50. Kxe4 Kh3 51. b5 h5 52. b6 Kxh2
53. b7 1-0

[Event "Open Semana Santa 2023"]
[Site "?"]
[Date "2023.04.06"]
[Round "2.63"]
[White "Martinez Rodriguez, Francisco Sa"]
[Black "FM Martin Carmona, Gaston Manuel"]
[Result "0-1"]
[WhiteElo "2004"]
[BlackElo "2333"]
[PlyCount "86"]

1. e4 e5 2. Nf3 Nc6 3. Bc4 Nf6 4. d3 Bc5 5. c3 a6 6. Bb3 Ba7 7. O-O d6 8. Nbd2
h6 9. Nc4 O-O 10. h3 Be6 11. Bc2 Nxe4 12. dxe4 Bxc4 13. Re1 Qf6 14. Be3 Bxe3
15. Rxe3 Ne7 16. Nh2 Ng6 17. Ng4 Qh4 18. b3 Be6 19. Rg3 Nf4 20. Ne3 Kh8 21. Nf5
Bxf5 22. exf5 Rad8 23. Qf3 d5 24. Rg4 Qf6 25. h4 c6 26. g3 Ng6 27. Kg2 e4 28.
Qe2 Qxf5 29. Rf1 Qh5 30. Rxe4 Nf4+ 31. gxf4 Qg6+ 32. Kh2 dxe4 33. Bxe4 Qf6 34.
Qg4 Rfe8 35. Bb1 Rd2 36. Kg2 c5 37. c4 Rd4 38. Kg3 g6 39. f3 Re2 40. Be4 Rdd2
41. Rg1 Rxe4 42. fxe4 Qc3+ 43. Qf3 Rd3 0-1

[Event "Open Semana Santa 2023"]
[Site "?"]
[Date "2023.04.06"]
[Round "2.64"]
[White "Lorenzo Calvo, Damian Angel"]
[Black "FM Fiedorek, Michal"]
[Result "0-1"]
[WhiteElo "1997"]
[BlackElo "2328"]
[PlyCount "230"]

1. d4 Nf6 2. Nf3 g6 3. c4 Bg7 4. Nc3 d6 5. e4 O-O 6. Be2 e5 7. O-O Nc6 8. d5
Ne7 9. b4 a5 10. bxa5 c5 11. Qc2 Rxa5 12. Bd2 Ra6 13. Rfb1 Ne8 14. Rb2 f5 15.
Rab1 h6 16. Ne1 Nf6 17. f3 Rf7 18. Nd3 Kh8 19. Nf2 f4 20. Na4 Nd7 21. Nc3 g5
22. Nb5 Nf6 23. g4 Ng6 24. h3 Kg8 25. Kh1 Bf8 26. Nc3 Rh7 27. Kg2 h5 28. Na4
hxg4 29. hxg4 Nh4+ 30. Kf1 Nd7 31. Nc3 Qf6 32. Na4 Qd8 33. Nc3 Be7 34. Na4 Qc7
35. Rb5 Bd8 36. R5b2 Qb8 37. Nc3 Nf6 38. Nb5 Ne8 39. Qd3 Qa8 40. Qc2 Nc7 41. a4
Ne8 42. Bd1 Kg7 43. Bc3 Kg6 44. Be1 Ba5 45. Bxa5 Rxa5 46. Qc3 Kf6 47. Nd3 Ng6
48. Nf2 Bd7 49. Ke1 Bxb5 50. Rxb5 Ra7 51. Rb6 Nf8 52. Qb2 Rc7 53. Nd3 Nd7 54.
Rb5 Kg6 55. Qh2 Nef6 56. R1b2 Rc8 57. Qh1 Rh8 58. Rh2 Rxh2 59. Qxh2 Kg7 60. Rb2
Nf8 61. Qh3 Ng6 62. Rb6 Ra6 63. Rb5 Qc8 64. Qh2 Ra7 65. Rb6 Qc7 66. Qb2 Nd7 67.
Rb5 b6 68. Nc1 Qd8 69. Qh2 Qh8 70. Qxh8+ Nxh8 71. Na2 Nf7 72. Nc3 Ra8 73. Kd2
Kf6 74. Kd3 Ke7 75. Bc2 Nh8 76. Rb1 Ng6 77. Rh1 Nh4 78. Bd1 Nb8 79. Na2 Kd7 80.
Kc3 Na6 81. Rh2 Rh8 82. Kb3 Nc7 83. Nc3 Ne8 84. a5 bxa5 85. Ra2 Nc7 86. Rxa5
Rb8+ 87. Kc2 Ng2 88. Kc1 Rb4 89. Ra4 Ne3 90. Rxb4 cxb4 91. Ba4+ Ke7 92. Na2
Nxc4 93. Nxb4 Ne3 94. Nc6+ Kf6 95. Na7 Na6 96. Nc8 Nc5 97. Bc2 Nc4 98. Kd1 Kf7
99. Ke2 Ke8 100. Na7 Kd7 101. Nb5 Ne3 102. Bd3 Nb3 103. Nc3 Nd4+ 104. Kf2 Kc7
105. Nb5+ Nxb5 106. Bxb5 Kb6 107. Be2 Kc5 108. Ba6 Kd4 109. Ke2 Kc3 110. Bd3
Nc2 111. Ba6 Nd4+ 112. Kf2 Kd2 113. Bc4 Nc2 114. Be2 Ne1 115. Bf1 Nd3+ 0-1

[Event "Open Semana Santa 2023"]
[Site "?"]
[Date "2023.04.06"]
[Round "2.65"]
[White "FM Diaz Velandia, Jose Manuel"]
[Black "Perez Travieso, Saul"]
[Result "1-0"]
[WhiteElo "2318"]
[BlackElo "2007"]
[PlyCount "69"]

1. b3 Nf6 2. Bb2 d5 3. Nf3 b6 4. c4 e6 5. e3 Bb7 6. Be2 Nbd7 7. O-O Bd6 8. Nc3
c6 9. Qc2 O-O 10. d4 Rc8 11. e4 dxe4 12. Nxe4 Nxe4 13. Qxe4 Nf6 14. Qh4 Qe7 15.
Rad1 Rfd8 16. Bd3 h6 17. Rfe1 Nh7 18. Qh5 Nf6 19. Qh3 a5 20. Re2 a4 21. bxa4
Ra8 22. Bc2 Ra5 23. Ne5 c5 24. Bc3 Raa8 25. Rb1 cxd4 26. Bxd4 Bc5 27. Bc3 Nh7
28. Qg4 Nf6 29. Qh3 Nd7 30. Ng4 Qg5 31. Bd2 Qe7 32. Rb3 Bd4 33. Nxh6+ gxh6 34.
Rg3+ Bg7 35. Rxg7+ 1-0

[Event "Open Semana Santa 2023"]
[Site "?"]
[Date "2023.04.06"]
[Round "2.66"]
[White "Deusa Ballesteros, Lucas"]
[Black "FM Cesar Maestre, Bernardo"]
[Result "0-1"]
[WhiteElo "1993"]
[BlackElo "2317"]
[PlyCount "88"]

1. c4 e5 2. Nc3 Nf6 3. Nf3 Nc6 4. e4 Bb4 5. d3 d6 6. a3 Bc5 7. b4 Bb6 8. Be3
Bg4 9. Be2 Bxf3 10. Bxf3 Nd4 11. Ne2 Nxf3+ 12. gxf3 Bxe3 13. fxe3 Nh5 14. Kd2
c6 15. Ng3 Nxg3 16. hxg3 Qd7 17. g4 f6 18. Qb3 h6 19. Rh2 Ke7 20. Ke2 a5 21.
Rhh1 axb4 22. axb4 Rxa1 23. Rxa1 h5 24. gxh5 Rxh5 25. Rf1 Rh2+ 26. Rf2 Rh1 27.
Qc2 Qh3 28. c5 Qe6 29. Rf1 Rh2+ 30. Rf2 Rh8 31. Rf1 Ra8 32. cxd6+ Kxd6 33. Qc5+
Kd7 34. Qc4 Ra2+ 35. Kd1 Qxc4 36. dxc4 Rb2 37. c5 Rxb4 38. Rf2 Rb1+ 39. Kc2 Rb5
40. Rh2 Rxc5+ 41. Kd3 Ke6 42. Rh8 Rb5 43. Re8+ Kf7 44. Rc8 g5 0-1

[Event "Open Semana Santa 2023"]
[Site "?"]
[Date "2023.04.06"]
[Round "2.67"]
[White "FM Neagu, Roberto Florin"]
[Black "Piddubna, Bozhena"]
[Result "0-1"]
[WhiteElo "2314"]
[BlackElo "2000"]
[PlyCount "90"]

1. c4 Nf6 2. g3 e6 3. Bg2 d5 4. Nf3 dxc4 5. O-O c5 6. Na3 Be7 7. Nxc4 O-O 8. b3
b6 9. Bb2 Bb7 10. Qc2 Nc6 11. Rac1 Qc7 12. Rfd1 Rfd8 13. Qb1 Rac8 14. h4 b5 15.
Ne3 Qb6 16. d3 Nd4 17. Nxd4 cxd4 18. Rxc8 Bxc8 19. Nc2 e5 20. e3 b4 21. exd4
exd4 22. Re1 Bc5 23. Re5 Qc7 24. Qe1 Bd6 25. Re2 Bg4 26. f3 Bxg3 27. Qxb4 Bh2+
28. Kh1 Nh5 29. Qe7 Qb8 30. Bxd4 Bd6 31. Be5 Be6 32. Bxd6 Rxd6 33. Qg5 Rd5 34.
Qe3 Ng3+ 35. Kg1 Nxe2+ 36. Qxe2 Qb5 37. Bf1 h6 38. Ne3 Rh5 39. Qf2 Qb4 40. Ng2
Bh3 41. Qxa7 Bxg2 42. Bxg2 Qe1+ 43. Bf1 Qg3+ 44. Bg2 Re5 45. Kf1 Re1# 0-1

[Event "Open Semana Santa 2023"]
[Site "?"]
[Date "2023.04.06"]
[Round "2.68"]
[White "Lloret Mauri, Jaime"]
[Black "FM Sinz, Bernhard"]
[Result "0-1"]
[WhiteElo "1989"]
[BlackElo "2313"]
[PlyCount "100"]
[EventDate "2023.??.??"]

1. e4 e5 2. Nf3 Nc6 3. Bc4 Nf6 4. d3 Be7 5. Bg5 d6 6. h3 Na5 7. Nbd2 c6 8. a3
Nxc4 9. Nxc4 Be6 10. Ne3 h6 11. Bh4 Qc7 12. Nf5 Bxf5 13. exf5 O-O-O 14. Qe2
Rhe8 15. O-O-O Qa5 16. Nd2 Nd5 17. Bxe7 Rxe7 18. c4 Nc7 19. f6 gxf6 20. Qf3 Re6
21. Qh5 d5 22. Qxf7 Qc5 23. f3 dxc4 24. dxc4 Qe3 25. Qg6 Red6 26. Qe4 Qf2 27.
Qg4+ Kb8 28. Rhf1 Qc5 29. Qe4 a6 30. f4 Rd4 31. Qe3 Nd5 32. Qb3 Nxf4 33. g3 Rd3
34. Qc2 Ne2+ 35. Kb1 Nxg3 36. Rxf6 Ne4 37. Nxe4 Rxd1+ 38. Ka2 Qg1 39. Nc3 Ra1+
40. Kb3 Qb6+ 41. Ka4 Qc5 42. Kb3 Qb6+ 43. Ka4 Rd4 44. Qe2 Qc5 45. Kb3 Rh1 46.
Rxh6 Ka7 47. Rh5 Qb6+ 48. Kc2 Rf4 49. Qxe5 Rh2+ 50. Kd1 Rf1+ 0-1

[Event "Open Semana Santa 2023"]
[Site "?"]
[Date "2023.05.06"]
[Round "2.69"]
[White "FM Luque Saiz, Andres"]
[Black "Garcia-Ruiz Fuentes, Angel M"]
[Result "1/2-1/2"]
[WhiteElo "2309"]
[BlackElo "1993"]
[Annotator "Usuario"]
[PlyCount "131"]
[EventDate "2023.??.??"]

1. e4 c5 2. Nf3 e6 3. Nc3 a6 4. d4 cxd4 5. Nxd4 Qc7 6. g3 Bb4 7. Bd2 Nf6 8. Bg2
Nc6 9. Nxc6 dxc6 10. O-O O-O 11. a3 Bc5 12. Na4 Ba7 13. c4 b5 14. e5 Nd7 15.
cxb5 axb5 16. Nc3 Bb7 17. Bf4 Rfd8 18. Qh5 Bd4 19. Rac1 Bxc3 20. Rxc3 c5 21.
Re1 Bxg2 22. Kxg2 c4 23. g4 Nf8 24. Qh3 Ng6 25. Qe3 Rd5 26. Bg3 Rad8 27. Rec1
Qb7 28. Qf3 Qe7 29. Re1 Rd3 30. Re3 R3d4 31. h3 R8d5 32. b3 Qg5 33. bxc4 bxc4
34. Qe2 h5 35. Rxc4 hxg4 36. hxg4 Rd1 37. Rc8+ Kh7 38. Bh2 R5d2 39. Rh3+ Nh4+
40. Rxh4+ Qxh4 41. Qe4+ f5 42. exf6+ g6 43. Rc7+ Kh8 44. Rc8+ Kh7 45. Rc7+ Kh8
46. Qa8+ Rd8 47. Qf3 R1d3 48. Bg3 Qg5 49. Qe4 R3d4 50. Qxe6 Rxg4 51. Rh7+ Kxh7
52. Qe7+ Kh6 53. Qxd8 Qe5 54. Qe7 Qxe7 55. fxe7 Re4 56. Bd6 Kg7 57. a4 Kf7 58.
a5 Ra4 59. Bc7 Kxe7 60. Kf3 Ke6 $11 61. Bb6 Kf5 62. Ke3 g5 63. Kd3 Kf4 64. Kc3
Kf3 65. Kb3 Rxa5 66. Bxa5 1/2-1/2

[Event "Open Semana Santa 2023"]
[Site "?"]
[Date "2023.04.06"]
[Round "2.70"]
[White "FM Gavarrete, Nahun"]
[Black "Villar Piriz, Adrian"]
[Result "1-0"]
[WhiteElo "2303"]
[BlackElo "1992"]
[PlyCount "86"]

1. e4 e5 2. Nf3 Nc6 3. Bb5 a6 4. Ba4 Nf6 5. d3 d6 6. c3 Be7 7. Nbd2 O-O 8. O-O
b5 9. Bb3 Re8 10. Re1 Na5 11. Bc2 c5 12. d4 Bf8 13. Nf1 Bb7 14. d5 g6 15. Ng3
Bg7 16. b3 Bc8 17. h3 Bd7 18. Be3 Qc7 19. Qd2 c4 20. b4 Nb7 21. a4 a5 22. axb5
Bxb5 23. Ba4 Qd7 24. Bxb5 Qxb5 25. Qa2 a4 26. Nd2 Rec8 27. Nb1 Nd7 28. Na3 Qa6
29. Nf1 f5 30. f3 Nf6 31. Nd2 Rc7 32. Qc2 Rac8 33. Nab1 Ra8 34. Na3 Rac8 35.
Ra2 fxe4 36. fxe4 Nd7 37. Rea1 Nb6 38. Kh2 Bf6 39. Qd1 Nd8 40. Qg1 Nd7 41. Qf2
Nf7 42. Nc2 Ra8 43. Rf1 Nf8 1-0

[Event "Open Semana Santa 2023"]
[Site "?"]
[Date "2023.04.06"]
[Round "2.71"]
[White "Nazarov, Alexander"]
[Black "FM Garrido Diaz, Jose Antonio"]
[Result "0-1"]
[WhiteElo "1982"]
[BlackElo "2302"]
[PlyCount "74"]
[EventDate "2023.??.??"]

1. d4 Nf6 2. c4 e6 3. Nc3 d5 4. Nf3 c6 5. Bg5 dxc4 6. e4 b5 7. e5 h6 8. Bh4 g5
9. Nxg5 hxg5 10. Bxg5 Nbd7 11. Qf3 Bb7 12. exf6 Qb6 13. O-O-O c5 14. Qe3 cxd4
15. Qxd4 Qc6 16. Be2 O-O-O 17. Bf3 Qa6 18. Ne4 Qxa2 19. Nd6+ Bxd6 20. Bxb7+
Kxb7 21. Qxd6 Rhe8 22. Bf4 e5 23. Qd5+ Ka6 24. Be3 Nb6 25. Qc5 Qa1+ 26. Kc2
Qa4+ 27. Kc1 b4 28. Rxd8 Rxd8 29. Kb1 Rd5 30. Qe7 c3 31. Rc1 b3 32. Qa3 c2+ 33.
Ka1 Qxa3+ 34. bxa3 Nc4 35. h4 Rd1 36. h5 b2+ 37. Ka2 b1=Q+ 0-1

[Event "Open Semana Santa 2023"]
[Site "?"]
[Date "2023.04.06"]
[Round "2.72"]
[White "FM Karthik Rajaa"]
[Black "Hammari, Vinjar"]
[Result "1/2-1/2"]
[WhiteElo "2302"]
[BlackElo "1989"]
[Annotator "Usuario"]
[PlyCount "105"]
[EventDate "2023.??.??"]

1. d4 d5 2. Nf3 e6 3. Bf4 Bd6 4. e3 c5 5. c3 Qc7 6. Bg3 Nd7 7. Nbd2 Ngf6 8. Bd3
O-O 9. Bh4 b6 10. e4 dxe4 11. Nxe4 Nxe4 12. Bxe4 Bb7 13. Bxb7 Qxb7 14. dxc5
Qe4+ 15. Qe2 Nxc5 16. Rd1 Bc7 17. Be7 Rfc8 18. Bxc5 Qxe2+ 19. Kxe2 bxc5 20. Nd2
Kf8 21. Nc4 Ke7 22. Rd3 Rd8 23. Rhd1 Rxd3 24. Rxd3 f5 25. h4 g6 26. a4 Rb8 27.
Kd1 h6 28. Kc2 Rb7 29. b3 Rb8 30. Rd1 h5 31. Nb2 Rb6 32. Nd3 Rc6 33. f4 Kf6 34.
Re1 c4 35. Ne5 cxb3+ 36. Kxb3 Rxc3+ 37. Kxc3 Ba5+ 38. Kc4 Bxe1 39. Nc6 $11 Bxh4
40. Nxa7 e5 41. Nc6 exf4 42. a5 Bf2 43. a6 f3 44. gxf3 h4 45. Nd4 Bxd4 46. Kxd4
h3 47. a7 h2 48. a8=Q h1=Q 49. Qf8+ Kg5 50. Qe7+ Kf4 51. Qe5+ Kg5 52. Qe7+ Kf4
53. Qe5+ 1/2-1/2

[Event "Open Semana Santa 2023"]
[Site "?"]
[Date "2023.04.06"]
[Round "2.73"]
[White "Pardo Ruiz, Carlos"]
[Black "Sismeiro, Miguel"]
[Result "0-1"]
[WhiteElo "1972"]
[BlackElo "2301"]
[PlyCount "140"]

1. e4 c5 2. Nf3 e6 3. g3 Nc6 4. Bg2 Nf6 5. Nc3 e5 6. O-O Be7 7. d3 d6 8. Ne1
Nd4 9. Ne2 h5 10. c3 Nxe2+ 11. Qxe2 h4 12. d4 hxg3 13. fxg3 cxd4 14. cxd4 Bg4
15. Qb5+ Qd7 16. Qxd7+ Nxd7 17. Be3 Bf6 18. d5 Bd8 19. Bf3 Nf6 20. Bh1 Bh3 21.
Bg2 Bxg2 22. Nxg2 Nxe4 23. Rac1 Nf6 24. Bg5 Bb6+ 25. Be3 Bd8 26. Bg5 Nxd5 27.
Bxd8 Rxd8 28. Rfd1 Nb6 29. Ne3 g6 30. a4 a5 31. b4 axb4 32. a5 Na4 33. Rc7 Nc5
34. Nd5 O-O 35. Nxb4 Kg7 36. Kg2 Nb3 37. Rd5 Ra8 38. Rxd6 Rxa5 39. Rxb7 Nc5 40.
Rbb6 e4 41. Rd5 Rc8 42. Re5 Rc7 43. Rb8 Nd7 44. Rxa5 Nxb8 45. Kf2 Rc4 46. Nd5
Nc6 47. Ra2 Rd4 48. Nf4 g5 49. Ne2 Rd3 50. Nc1 Rc3 51. Ne2 Rf3+ 52. Kg2 Ne5 53.
Nd4 Rd3 54. Ne2 Ng4 55. h3 Ne3+ 56. Kf2 Nf5 57. Ra5 Kg6 58. Re5 Rf3+ 59. Ke1
Nxg3 60. Nxg3 Rxg3 61. Rxe4 Rxh3 62. Kf2 f5 63. Ra4 g4 64. Ra6+ Kg5 65. Ra5 Rb3
66. Rc5 g3+ 67. Kg2 Kg4 68. Rc8 Rb2+ 69. Kg1 f4 70. Ra8 Rb1+ 0-1

[Event "Open Semana Santa 2023"]
[Site "?"]
[Date "2023.04.06"]
[Round "2.74"]
[White "Movsisyan, Tigran"]
[Black "IM Candela Perez, Jose"]
[Result "0-1"]
[WhiteElo "1968"]
[BlackElo "2299"]
[PlyCount "58"]

1. e4 c5 2. Nc3 Nc6 3. Bb5 Nd4 4. Nf3 e6 5. O-O a6 6. Bd3 Nc6 7. Re1 g5 8. Kh1
Bg7 9. b3 d6 10. Bb2 g4 11. Ng1 h5 12. f4 Nge7 13. Nge2 b5 14. f5 Ne5 15. fxe6
c4 16. exf7+ Kxf7 17. Rf1+ Kg8 18. Nf4 cxd3 19. cxd3 N5g6 20. Nfd5 Nxd5 21.
exd5 Qh4 22. g3 Qg5 23. Qe2 Bd7 24. Qg2 Bf5 25. Qf2 Rf8 26. Qa7 Rh7 27. Qb6 h4
28. Kg1 hxg3 29. hxg3 Qh6 0-1

[Event "Open Semana Santa 2023"]
[Site "?"]
[Date "2023.04.06"]
[Round "2.75"]
[White "FM Escartin Lacasa, Jose"]
[Black "Lobo Pereira, Arami"]
[Result "1-0"]
[WhiteElo "2298"]
[BlackElo "1961"]
[Annotator "Usuario"]
[PlyCount "97"]

1. d4 Nf6 2. Nf3 g6 3. c4 Bg7 4. Nc3 d5 5. cxd5 Nxd5 6. e4 Nxc3 7. bxc3 c5 8.
Be3 Qa5 9. Qd2 O-O 10. Rc1 Nd7 11. d5 Re8 12. c4 Qxd2+ 13. Nxd2 e6 14. Bd3 b6
15. O-O Bb7 16. Rfd1 Ne5 17. Be2 f5 18. Rb1 Rac8 19. h3 Nf7 20. dxe6 Nd6 21.
exf5 Nxf5 22. Bf3 Bxf3 23. Nxf3 Rxe6 24. Rd7 Re7 25. Rbd1 Nxe3 26. fxe3 Rce8
27. Rxe7 Rxe7 28. Rd8+ Bf8 29. Kf2 h6 30. Nh4 Rf7+ 31. Ke2 Kg7 32. Ra8 Be7 33.
Nf3 Bf6 34. e4 Re7 $11 35. Kd3 Rd7+ 36. Ke3 Re7 37. Kf4 Bb2 38. e5 Kf7 39. Ke4
Rd7 40. Rh8 Kg7 41. Rc8 Kf7 42. Rc6 Re7 43. Kd5 Rd7+ 44. Rd6 Re7 45. h4 Bc1 46.
a4 Kg7 47. Kc6 g5 48. Rd7 Kf7 49. Kd6 1-0

[Event "Open Semana Santa 2023"]
[Site "?"]
[Date "2023.04.06"]
[Round "2.76"]
[White "Lozano Freras, Sergio"]
[Black "FM Ibanez Aullana, Ramon"]
[Result "1/2-1/2"]
[WhiteElo "1960"]
[BlackElo "2292"]
[PlyCount "111"]

1. e4 g6 2. d4 Bg7 3. Nc3 a6 4. h4 h6 5. Be3 d6 6. Qd2 b5 7. O-O-O Bb7 8. f3
Nd7 9. Nh3 b4 10. Ne2 c5 11. h5 g5 12. Ng3 e6 13. f4 gxf4 14. Nxf4 cxd4 15.
Bxd4 Be5 16. Bxe5 dxe5 17. Nxe6 fxe6 18. Qxb4 Rb8 19. Qd6 Qe7 20. Bc4 Ngf6 21.
Bxe6 Qxd6 22. Rxd6 Nc5 23. Rf1 Nfxe4 24. Nxe4 Bxe4 25. Bc4 Ke7 26. Rff6 a5 27.
b3 Bxg2 28. Rxh6 Bf3 29. Rdf6 Bxh5 30. Rxh8 Rxh8 31. Rc6 Nd7 32. Re6+ Kd8 33.
Ra6 Kc7 34. Rxa5 e4 35. Kd2 Bg6 36. Ra7+ Kc6 37. Ra6+ Nb6 38. a4 Rh2+ 39. Kc3
Kb7 40. a5 Nxc4 41. Rxg6 Nxa5 42. Kd4 Re2 43. Rg7+ Kb6 44. Rg4 Nc6+ 45. Kc3 Kc5
46. Rg5+ Kd6 47. b4 Ne5 48. Rg8 Re1 49. Rd8+ Ke7 50. Rd4 e3 51. Re4 Ke6 52. Kd4
e2 53. Ke3 Kd6 54. Rd4+ Kc6 55. Kf2 Rd1 56. Re4 1/2-1/2

[Event "Open Semana Santa 2023"]
[Site "?"]
[Date "2023.04.06"]
[Round "2.77"]
[White "IM Garcia Martin, Marta"]
[Black "Torres Rebolledo, Victor"]
[Result "1/2-1/2"]
[WhiteElo "2291"]
[BlackElo "1960"]
[PlyCount "140"]
[EventDate "2023.??.??"]

1. e4 c6 2. d4 d5 3. e5 Bf5 4. Nf3 e6 5. Be2 Nd7 6. O-O Bg6 7. Nbd2 Nh6 8. a4
Nf5 9. a5 a6 10. c3 Be7 11. b4 f6 12. exf6 Bxf6 13. Bd3 O-O 14. Qc2 Qc7 15. Re1
Rae8 16. Nb3 Nh4 17. Nxh4 Bxd3 18. Qxd3 Bxh4 19. g3 Bf6 20. f4 Bd8 21. Ra2 Rf6
22. Rae2 g6 23. Kg2 Qc8 24. h4 Bc7 25. Nd2 Nf8 26. h5 Qd7 27. h6 g5 28. fxg5
Rf5 29. Qxf5 exf5 30. Rxe8 Kf7 31. Nf3 Ng6 32. Nh4 Qd6 33. Nxf5 Nh4+ 34. Nxh4
Qxg3+ 35. Kf1 Qxh4 36. R1e7+ Kg6 37. Rg7+ Kf5 38. Re3 Qh1+ 39. Ke2 Bf4 40. Rf7+
Kg4 41. Rxf4+ Kxf4 42. Bd2 Qg2+ 43. Kd1 Kf5 44. Re7 Qf1+ 45. Kc2 Qc4 46. Kb2
Qd3 47. Bc1 Kg4 48. g6 hxg6 49. h7 Qh3 50. Rf7 Qh2+ 51. Kb3 Qh1 52. Kb2 Qh2+
53. Kb1 Qh1 54. Rg7 Kf5 55. Rxb7 g5 56. Rg7 Ke4 57. Kc2 Qh2+ 58. Bd2 Kf3 59.
Rf7+ Ke2 60. Re7+ Kf3 61. Kd3 Kg4 62. Rg7 Qh3+ 63. Kc2 Kf3 64. Bxg5 Qg2+ 65.
Kb3 Qh1 66. Kb2 Qg2+ 67. Kb1 Qg1+ 68. Kc2 Qg2+ 69. Kc1 Qg1+ 70. Kb2 Qg2+
1/2-1/2

[Event "Open Semana Santa 2023"]
[Site "?"]
[Date "2023.04.06"]
[Round "2.78"]
[White "Molina Souponitskaia, Alexande"]
[Black "IM Cruz, Filemon"]
[Result "1/2-1/2"]
[WhiteElo "1959"]
[BlackElo "2284"]
[PlyCount "85"]

1. e4 e6 2. d3 d5 3. Qe2 Nf6 4. e5 Nfd7 5. f4 b5 6. g3 c5 7. Bg2 Nc6 8. Nf3 Rb8
9. f5 Nb6 10. Bf4 exf5 11. e6 Bd6 12. exf7+ Kxf7 13. Ng5+ Kf6 14. O-O Bxf4 15.
gxf4 h6 16. Nf3 Qd6 17. Qf2 Bd7 18. Qh4+ Kf7 19. c3 Rhe8 20. Nbd2 d4 21. cxd4
cxd4 22. Nb3 Nd5 23. Nfd2 Ne3 24. Rf2 Nb4 25. Bf1 Bc6 26. Nf3 Re6 27. Ne5+ Kg8
28. Be2 Ba8 29. Bf3 Nc6 30. Nxc6 Bxc6 31. Qh5 Rg6+ 32. Kh1 Rg4 33. Nxd4 Bxf3+
34. Nxf3 Rxf4 35. Re1 Ng4 36. Rff1 Qd5 37. Kg2 Rc8 38. h3 g6 39. Qxg6+ Kh8 40.
Re8+ Rxe8 41. Qxe8+ Kg7 42. Qe7+ Kg8 43. Qe8+ 1/2-1/2

[Event "Open Semana Santa 2023"]
[Site "?"]
[Date "2023.04.06"]
[Round "2.79"]
[White "Rey Martinez, Jaime"]
[Black "Rodriguez Bittar, Karim Javier"]
[Result "1-0"]
[WhiteElo "2283"]
[BlackElo "1959"]
[Annotator "Usuario"]
[PlyCount "53"]

1. e4 e5 2. Nf3 Nc6 $6 3. Nc3 Nf6 4. Bb5 Bc5 5. O-O d6 6. d4 exd4 7. Nxd4 Bd7
8. Nf5 Bxf5 9. exf5 O-O 10. Bg5 a6 11. Bxc6 bxc6 12. Ne4 Re8 13. Bxf6 gxf6 14.
Qg4+ Kh8 15. Qh4 Bd4 16. Rad1 d5 17. Ng3 Bxb2 18. Nh5 Re4 19. f4 Qf8 20. Rd3
Qh6 21. c3 Rae8 22. g4 Ba3 23. Rb1 Bc5+ 24. Kh1 Rxf4 25. Qxf6+ Qxf6 26. Nxf6
Re2 27. Rh3 1-0

[Event "Open Semana Santa 2023"]
[Site "?"]
[Date "2023.04.06"]
[Round "2.80"]
[White "Donate Moreno, David"]
[Black "FM Remolar Gallen, Jose"]
[Result "0-1"]
[WhiteElo "1958"]
[BlackElo "2283"]
[PlyCount "46"]

1. d4 Nf6 2. Bf4 d6 3. Nc3 Nbd7 4. Nf3 c5 5. e3 g6 6. Qd2 Bg7 7. h4 a6 8. O-O-O
b5 9. Ng5 Bb7 10. f3 Rc8 11. dxc5 Nxc5 12. e4 b4 13. Ne2 b3 14. Kb1 Ncxe4 15.
fxe4 bxc2+ 16. Ka1 Nxe4 17. Nxe4 Bxe4 18. Rc1 Qb6 19. Nc3 Rxc3 20. Bb5+ Qxb5
21. bxc3 Qb4 22. Rxc2 Bxc2 23. Be5 Bxe5 0-1

[Event "Open Semana Santa 2023"]
[Site "?"]
[Date "2023.04.06"]
[Round "2.81"]
[White "FM Castellanos Gomez, Alejandro"]
[Black "Martinez Villena, David"]
[Result "1-0"]
[WhiteElo "2277"]
[BlackElo "1958"]
[PlyCount "95"]

1. d4 Nf6 2. c4 e6 3. Nf3 d5 4. Nc3 Bb4 5. cxd5 exd5 6. Qb3 c5 7. Bd2 Nc6 8.
dxc5 d4 9. Nb5 Bxc5 10. Rc1 Ne4 11. Ng5 Nxg5 12. Rxc5 Ne4 13. Rd5 Qb6 14. Qf3
f5 15. Qa3 Be6 16. Nd6+ Nxd6 17. Rxd6 Kf7 18. g4 Rhd8 19. Rxe6 Kxe6 20. gxf5+
Kf7 21. f6 g6 22. Bg2 Rd7 23. Qh3 Rad8 24. Qxh7+ Kxf6 25. Qh4+ Kg7 26. Qh6+ Kf7
27. Be4 Ne7 28. Qh7+ Kf6 29. Rg1 Ke5 30. Qh4 Qf6 31. Bg5 Qh8 32. Qf4+ Ke6 33.
Bd3 Qe5 34. Bc4+ Kd6 35. Qf3 Qa5+ 36. Bd2 Qf5 37. Bf4+ Kc5 38. Rg5 Kxc4 39.
Rxf5 Nxf5 40. Bg5 Re8 41. Qb3+ Kc5 42. Qa4 b5 43. b4+ Kb6 44. Qa5+ Kc6 45. Qa6+
Kc7 46. Qxa7+ Kd6 47. Qb6+ Ke5 48. Qc6 1-0

[Event "Open Semana Santa 2023"]
[Site "?"]
[Date "2023.04.06"]
[Round "2.82"]
[White "Perez Gonzalez, Roberto"]
[Black "CM Ilinca Ilinca, Felix Antonio"]
[Result "0-1"]
[WhiteElo "1957"]
[BlackElo "2266"]
[PlyCount "86"]

1. e4 c5 2. Nf3 e6 3. g3 d5 4. exd5 exd5 5. d4 cxd4 6. Bg2 Nc6 7. O-O Nf6 8.
Bg5 Be7 9. Nxd4 O-O 10. c3 Bg4 11. Qa4 Qd7 12. Re1 Rfe8 13. Nd2 h6 14. Bf4 Rac8
15. N2f3 Bc5 16. Qb5 Ne4 17. Be3 Bb6 18. Nb3 Bxe3 19. Rxe3 a6 20. Qb6 Bxf3 21.
Bxf3 Ne5 22. Qd4 Qf5 23. Qd1 Ng4 24. Nd4 Nxe3 25. Nxf5 Nxd1 26. Rxd1 Rcd8 27.
Kg2 Nf6 28. Ne3 Re5 29. h4 b5 30. Nc2 Ne4 31. Nb4 Rd6 32. Nd3 Re8 33. Nb4 Red8
34. Nc2 g6 35. Nd4 Kg7 36. h5 Re8 37. Re1 Rf6 38. Re2 Re5 39. hxg6 fxg6 40. Bg4
Re8 41. Bd7 Re7 42. Bc8 Kf7 43. Nf3 Rxf3 0-1